000
00309nam a2200133Ia 4500
100
_a
Mccracken D.D
942
_c
BK
654
_a
science with pascal
245
_a
Second course in computer science with pascal
260
_b
John wiley
_a
Singapore
_c
1987
300
_a
429
546
_a
ENGLISH
999
_c
21556
_d
21556